Estadísticas para Equipos de la NBA

Haz click aquí para tomar la prueba!

Estadísticas generales

  • Esta prueba ha sido tomada 4.319 veces
  • La puntuación promedio es 21 de 30

Estadísticas de respuestas

Equipo% Correcto
Los Angeles Lakers
96%
Chicago Bulls
88%
Boston Celtics
87%
Miami Heat
81%
San Antonio Spurs
81%
Golden State Warriors
80%
Los Angeles Clippers
78%
Toronto Raptors
75%
New York Knicks
75%
Houston Rockets
72%
Brooklyn Nets
72%
Cleveland Cavaliers
71%
Dallas Mavericks
70%
Philadelphia 76ers
67%
Utah Jazz
66%
Orlando Magic
65%
Minnesota Timberwolves
65%
Phoenix Suns
64%
Oklahoma City Thunder
64%
Milwaukee Bucks
62%
Detroit Pistons
62%
Denver Nuggets
62%
Atlanta Hawks
61%
Memphis Grizzlies
61%
Charlotte Hornets
60%
Washington Wizards
59%
Sacramento Kings
59%
Indiana Pacers
59%
Portland Trail Blazers
57%
New Orleans Pelicans
57%

Distribución de puntuación

Porcentaje por número respondido

Porcentaje de gente con cada puntuación

Historial de tus puntuaciones

No has tomado esta prueba